Music Quiz

Random Music or Missing Word Quiz

Bands That Should Play Together Quiz Stats

 Plays Quiz Updated Nov 6, 2018

Support Sporcle.
Go Orange.
Score 0/40 Timer 05:00
2 Plays Today
% Correct
Boys & Girls
92.5%
Hammer & Nails
91.5%
In & Out
90.6%
Washington & DC
90.4%
Mother & Child
90.1%
Fire & Ice
89.7%
Work & Play
89.7%
Brothers & Sisters
88.3%
Eat & Chubby
87.7%
Vampire & Blood
86.5%
Light & Dark
86.4%
Eyes & Blink
86.2%
Punch & Judy
84.3%
Love & Romance
83.7%
News & Information
83.2%
Stars & Stripes
82.8%
Kings & Queens
82.2%
Rhythm & Blues
82.2%
Winter & Snow
82.1%
Cat & Mouse
79.6%
% Correct
Beach & Ocean
78.8%
Wayne & Garth
77.9%
Dog & Bone
77.4%
Day & Night
77.2%
Adam & Eve
76.3%
Pure & Simple
76.3%
Burt & Ernie
73.3%
Peace & Quiet
71.4%
Milk & Honey
67.9%
Show & Tell
67%
Lewis & Clark
66.5%
Hart & Soul
64.8%
Beck & Call
59%
Jesus & Church
57.7%
Big & Little
57.2%
King & Country
56.5%
Heaven & Earth
49.1%
Chip & Dale
38.7%
Tom & Jerry
31.6%
Birds & Bees
30.2%

You're not logged in!

Compare scores with friends on all Sporcle quizzes.
OR
Log In

From the Vault

2015 March Madness Bracket

by armadilloking

This quiz is your chance to relive the horror show that was your 2015 NCAA bracket.
Remove Ads.
Support Sporcle.
Get the best of Sporcle when you Go Orange. This ad-free experience offers more features, more stats, and more fun while also helping to support Sporcle. Thank you for becoming a member.

Show Comments

Extras

Top Quizzes Today


Score Distribution

Your Account Isn't Verified!

In order to create a playlist on Sporcle, you need to verify the email address you used during registration. Go to your Sporcle Settings to finish the process.

Report this User

Report this user for behavior that violates our Community Guidelines.

Details: